| Record ID | ia:wingsmoistfromot0000shum |
| Source | Internet Archive |
| Download MARC XML | https://archive.org/download/wingsmoistfromot0000shum/wingsmoistfromot0000shum_marc.xml |
| Download MARC binary | https://www.archive.org/download/wingsmoistfromot0000shum/wingsmoistfromot0000shum_meta.mrc |
LEADER: 02975cam 2200493 a 4500
001 ocm28928748
003 OCoLC
005 20201026220252.0
008 930913s1994 pau s000 0 eng
010 $a 93037775
040 $aDLC$beng$cDLC$dBAKER$dBTCTA$dYDXCP$dVOD$dDEBBG$dBDX$dZAP$dOCLCF$dOCLCQ$dOCL$dOCLCQ$dPAU$dOCLCQ$dGUA
020 $a0822937743$q(alk. paper)
020 $a9780822937746$q(alk. paper)
020 $a0822955180$q(pbk. ;$qalk. paper)
020 $a9780822955184$q(pbk. ;$qalk. paper)
035 $a(OCoLC)28928748
050 00 $aPS3569.H778$bW56 1993
082 00 $a811/.54$220
084 $aHU 9800$2rvk
100 1 $aShumaker, Peggy,$d1952-
245 10 $aWings moist from the other world /$cPeggy Shumaker.
260 $aPittsburgh :$bUniversity of Pittsburgh Press,$c©1994.
300 $a101 pages ;$c24 cm.
336 $atext$btxt$2rdacontent
337 $aunmediated$bn$2rdamedia
338 $avolume$bnc$2rdacarrier
490 1 $aPitt poetry series
505 00 $tOnce You Name It --$tWhite Figurehead at Isla Negra --$tYoung Boy Dancing at Playa los Muertos --$tBeing Fed --$tSanctuary --$tGravity --$tDecisive Victory --$tBe Sad --$tAbsence of Ocean --$tPassing Through, Passing On --$tSilverswords, an Elegy --$tMilagros --$tCuentista/Storyteller --$tMask Making --$tOfferings --$tWays of Seeing --$tThe Provider --$tHanna Zoe --$tMother's First Words After the Birth, 1952 --$tHunting Scorpions --$tDust Devil --$tSecond Childhood: Ashes Off Cabrillo Point --$tNo Honey in This House --$tBitter Spring --$tGraveyard Shift, 22nd & Tucson Boulevard --$tOccupied Territory --$tWhy Ira Pratt Cocked His Head Like That --$tIra Pratt's Charts of the Stars --$tThe Day the Leaves Came --$tRapt --$tTicking --$tThe Run of Silvers --$tCaribou --$tBraided River --$tGlacier, Calving --$tThree Notes from a Wooden Flute --$tTwo Rivers --$tCreamer's Field --$tSpawn --$tAn Intimacy --$tExit Glacier --$tBirch Syrup --$tMelt --$tDigging a Garden --$tStrong Stars --$tHow They Are with Each Other, the Woman, the Man.
505 00 $tAcross the Line --$tAgain, Again --$tClitoris --$tWild Iris --$tShort History of One Hour's Desire --$tWide Icy River.
650 0 $aAmerican poetry$xWomen authors$y20th century.
650 7 $aAmerican poetry$xWomen authors.$2fast$0(OCoLC)fst00807417
648 7 $a1900-1999$2fast
776 08 $iOnline version:$aShumaker, Peggy, 1952-$tWings moist from the other world.$dPittsburgh : University of Pittsburgh Press, ©1994$w(OCoLC)625017653
830 0 $aPitt poetry series.
938 $aBaker & Taylor$bBKTY$c25.00$d25.00$i0822937743$n0002349659$sactive
938 $aBrodart$bBROD$n46123520$c$12.95
938 $aBaker and Taylor$bBTCP$n93037775
938 $aYBP Library Services$bYANK$n778692
029 1 $aAU@$b000010476398
029 1 $aDEBBG$bBV009797758
029 1 $aYDXCP$b778309
029 1 $aYDXCP$b778692
994 $aZ0$bP4A
948 $hNO HOLDINGS IN P4A - 191 OTHER HOLDINGS